Understandable statistics : concepts and methods /

محفوظ في:
التفاصيل البيبلوغرافية
المؤلف الرئيسي: Brase, Charles Henry
مؤلفون آخرون: Brase, Corrinne Pellillo
التنسيق: كتاب
منشور في: Boston : Houghton Mifflin, c1999.
الطبعة:6th ed.
الموضوعات:
الوسوم: إضافة وسم
لا توجد وسوم, كن أول من يضع وسما على هذه التسجيلة!

MARC

LEADER 00000nam a2200000 a 4500
020 |a 0395907691  |c NA 
040 |a MUL  |b eng.  |e AACR 
082 0 0 |a 519.5 BRA 
100 1 |a Brase, Charles Henry. 
245 1 0 |a Understandable statistics :  |b concepts and methods /  |c Charles Henry Brase, Corrinne Pellillo Brase. 
250 |a 6th ed. 
260 |a Boston :  |b Houghton Mifflin,  |c c1999. 
300 |a xxiv, 775 p. :  |b ill. (some col.) ;  |c 24 cm. 
500 |a "Instructor's annotated edition." 
500 |a Includes index. 
546 |a eng. 
650 0 |a Mathematical statistics. 
700 1 |a Brase, Corrinne Pellillo. 
942 |c BK 
999 |c 10038  |d 10038